The New Jerusalem Bible. (Record no. 128804)
[ view plain ]
| 000 -LEADER | |
|---|---|
| fixed length control field | 01218cam a2200289 a 4500 |
| 001 - CONTROL NUMBER | |
| control field | 3805334 |
| 003 - CONTROL NUMBER IDENTIFIER | |
| control field | ARRUPE |
| 005 - DATE AND TIME OF LATEST TRANSACTION | |
| control field | 20190123143655.0 |
| 008 - FIXED-LENGTH DATA ELEMENTS--GENERAL INFORMATION | |
| fixed length control field | 850716s1985 nyubf 001 0 eng |
| 010 ## - LIBRARY OF CONGRESS CONTROL NUMBER | |
| LC control number | 85016070 |
| 020 ## - INTERNATIONAL STANDARD BOOK NUMBER | |
| International Standard Book Number | 0385142641 (regular edition) |
| 020 ## - INTERNATIONAL STANDARD BOOK NUMBER | |
| International Standard Book Number | 0385469616 (deluxe edition) |
| 040 ## - CATALOGING SOURCE | |
| Original cataloging agency | DLC |
| Transcribing agency | DLC |
| Modifying agency | DLC |
| 050 00 - LIBRARY OF CONGRESS CALL NUMBER | |
| Classification number | BS-195-1 |
| 082 00 - DEWEY DECIMAL CLASSIFICATION NUMBER | |
| Classification number | 220.5/2072 |
| Edition number | 20 |
| 300 ## - PHYSICAL DESCRIPTION | |
| Other physical details | col. maps ; |
| Dimensions | 24 cm. |
| 130 0# - MAIN ENTRY--UNIFORM TITLE | |
| Uniform title | Bible. |
| Language of a work | English. |
| Version | New Jerusalem Bible. |
| Date of a work | 1985. |
| 9 (RLIN) | 44098 |
| 245 14 - TITLE STATEMENT | |
| Title | The New Jerusalem Bible. |
| 260 ## - PUBLICATION, DISTRIBUTION, ETC. (IMPRINT) | |
| Place of publication, distribution, etc | Garden City, N.Y. : |
| Name of publisher, distributor, etc | Doubleday, |
| Date of publication, distribution, etc | c1985. |
| 300 ## - PHYSICAL DESCRIPTION | |
| Extent | xv, 2108 p., [8] p. of plates : |
| 500 ## - GENERAL NOTE | |
| General note | Includes indexes. |
| 856 42 - ELECTRONIC LOCATION AND ACCESS | |
| Materials specified | Publisher description |
| Uniform Resource Identifier | <a href="http://www.loc.gov/catdir/description/random0411/85016070.html">http://www.loc.gov/catdir/description/random0411/85016070.html</a> |
| 906 ## - LOCAL DATA ELEMENT F, LDF (RLIN) | |
| a | 7 |
| b | cbc |
| c | orignew |
| d | 1 |
| e | ocip |
| f | 19 |
| g | y-gencatlg |
| 942 ## - ADDED ENTRY ELEMENTS (KOHA) | |
| Source of classification or shelving scheme | Library of Congress Classification |
| Koha item type | Monograph ( Printed materials) |
| Withdrawn status | Lost status | Source of classification or shelving scheme | Damaged status | Not for loan | Collection code | Home library | Current library | Shelving location | Date acquired | Total Checkouts | Full call number | Barcode | Date last seen | Date checked out | Price effective from | Koha item type |
|---|---|---|---|---|---|---|---|---|---|---|---|---|---|---|---|---|
| Library of Congress Classification | Main Collection | ARRUPE COLLEGE BOOKSTORE | ARRUPE LIBRARY | Main Collection | 23/01/2019 | 1 | BS-195-1 | 46600002454 | 15/05/2019 | 23/01/2019 | 23/01/2019 | Monograph ( Printed materials) |